00418nam a2200169Ia 4500003000400000005001700004008004100021020001800062040000900080082001800089100001600107245003500123250001200158260005600170300000900226650001300235OSt20201008132430.0190216s9999||||xx |||||||||||||| ||und|| a9788177589177 coclc a005.43bNUT/O aNutt, Gary  0aOperating Systems /cGary Nutt a3rd Ed. bPearson Education International,aNew Delhi:c2008. a928p aComputer